000 00335nam a22001457a 4500
003 OSt
005 20211224092148.0
008 211224b |||||||| |||| 00| 0 eng d
020 _a0132433109
040 _cHU
082 _28th
_a004.6
100 _aStallings
_924267
245 _aData & Computer Communication
942 _2ddc
_cBOOKS
_n0
999 _c23878
_d23878